000 00364nam a22001337a 4500
005 20250603114436.0
008 250603b |||||||| |||| 00| 0 eng d
050 _aBV806
_b.L913 BAP
245 _aBAPTISM IN THE NEW TESTAMENT;
_bA SYMPOSIUM
260 _aDUBLIN
_bHELICON PRESS INC.
_c1964
300 _a238p
700 _aA. GEORGE S.M.{ET...AL}
942 _2lcc
_cBK
_n0
999 _c6203
_d6203